000 00624nam a2200193Ii 4500
003 JO-AjNU
008 230605s9999||||xx |||||||||||||| ||und||
040 _aJO-AjNU
_bara
_erda
_cJO-AjNU
041 _aara
050 1 4 _aQL53 1981
100 3 _aخاروف ، حسن حلمي/ م مشارك عيسى العسافين ,
_eauthor
_913256
245 0 0 _aعلم الحياه الحيوانية
264 3 1 _aدمشق:دار المستقبل ، 1981
300 _a352ص
336 _atext
_btxt
_2rdacontent
337 _aunmediated
_bn
_2rdamedia
338 _avolume
_bnc
_2rdacarrier
650 4 _aعلم الحيوان
_913257
999 _aA3253
_c6821
_d6821